Ein Portrait (Record no. 99570)

MARC details
000 -LEADER
fixed length control field 03234njm a2200385Ia 4500
001 - CONTROL NUMBER
control field F0815
003 - CONTROL NUMBER IDENTIFIER
control field IT-RoPAU
005 - DATE AND TIME OF LATEST TRANSACTION
control field 20220918181118.0
008 - FIXED-LENGTH DATA ELEMENTS--GENERAL INFORMATION
fixed length control field 131025s9999 xx 000 0 und d
040 ## - CATALOGING SOURCE
Original cataloging agency IT-RoPAU
040 ## - CATALOGING SOURCE
Transcribing agency IT-RoPAU
999 ## - SYSTEM CONTROL NUMBERS (KOHA)
Koha Dewey Subclass [OBSOLETE] n.d.
100 ## - MAIN ENTRY--PERSONAL NAME
Personal name AA.VV.
9 (RLIN) 794
100 ## - MAIN ENTRY--PERSONAL NAME
Relator term Autore musica
9 (RLIN) 32363
100 ## - MAIN ENTRY--PERSONAL NAME
Miscellaneous information Codice autore musica SPICS: 12000
9 (RLIN) 796
245 ## - TITLE STATEMENT
Title Ein Portrait
250 ## - EDITION STATEMENT
Edition statement 1a ed.
260 ## - PUBLICATION, DISTRIBUTION, ETC. (IMPRINT)
Place of publication, distribution, etc. GERMANY
260 ## - PUBLICATION, DISTRIBUTION, ETC. (IMPRINT)
Name of publisher, distributor, etc. TELDEC
Date of publication, distribution, etc. 1965 [1a Ed.:1965 - Ed. Lingua Orig.: 1965]
300 ## - PHYSICAL DESCRIPTION
Extent DISCO
500 ## - GENERAL NOTE
General note Musica classica. Musica lirica.
505 ## - FORMATTED CONTENTS NOTE
Formatted contents note Si, mi chiamano Mimì [(tratto da La Boheme) (6:00)] - Donde lieta uscì [(tratto da La Boheme) (4:00)] - Vissi d'arte [(tratto da Tosca.) (4:00)] - Laggiù nel Soledad [(tratto da La fanciulla del west) (3:00)] - Un bel dì vedremo [(tratto da Madame Butterfly) (5:00)] - Con onor muore [(tratto da Madame Butterfly) (6:00)] - Signore ascolta [(tratto da Turandot. (3:00)] - Tu che di gel sei cinta [(tratto da Turandot) (3:00)] - La mamma morta [(tratto da Andrea Chenier) (5:00)] - Io sono l'umile ancella [(tratto da Adriana Lecouvreur) (3:00)] - Poveri fiori [(tratto da Adriana Lecouvreur) (3:00)] - L'altra notte in fondo al mare [(tratto da Mefistofele) (8:00)] - Tu che la vanità [(tratto da Don Carlos) (11:00)] - Ecco l'orrido campo [(tratto da Un ballo in maschera) (15:00)] - Morrò, ma prima in grazia [(tratto da Un ballo in maschera) (5:00)] -[Oh ben s'addice questo torbido cielo (tratto da La pulzella di Orleans) (5:00)] - In questa reggia [(tratto da Turandot) (6:00)] - Suicidio! [(tratto da La Gioconda) (5:00)] - Sogno di Doretta [(tratto da La rondine) (3:00)] - Voi lo sapete o mamma [(tratto da Cavalleria rusticana) (4:00)] - Esser madre è un inferno [(tratto da L'Arlesiana) (5:00)]
511 ## - PARTICIPANT OR PERFORMER NOTE
Participant or performer note Coro e Orchestra di Santa Cecilia diretta da direttori vari.
511 ## - PARTICIPANT OR PERFORMER NOTE
Participant or performer note New Philharmonia Orchestra diretta da De Fabritiis O.
650 ## - SUBJECT ADDED ENTRY--TOPICAL TERM
Topical term or geographic name as entry element CLASSICA [DISCHI]
Relator term Codice MATERIA SPICS: 9950
9 (RLIN) 1157
700 ## - ADDED ENTRY--PERSONAL NAME
Personal name Tebaldi Renata
Miscellaneous information Codice interprete SPICS: 43136
Relator term Interprete
9 (RLIN) 32364
700 ## - ADDED ENTRY--PERSONAL NAME
Personal name Puccini Giacomo
Miscellaneous information Codice autore musica SPICS: 11082
Relator term Autore musica
Name of part/section of a work Si, mi chiamano Mimì - Donde lieta uscì - Vissi d'arte - Laggiù nel Soledad - Un bel dì vedremo - Con onor muore - Signore ascolta - Tu che di gel sei cinta - In questa reggia - Sogno di Doretta
9 (RLIN) 32365
700 ## - ADDED ENTRY--PERSONAL NAME
Personal name Giordano Umberto
Miscellaneous information Codice autore musica SPICS: 13179
Relator term Autore musica
Name of part/section of a work La mamma morta
9 (RLIN) 32366
700 ## - ADDED ENTRY--PERSONAL NAME
Personal name Cilea Francesco
Miscellaneous information Codice autore musica SPICS: 13779
Relator term Autore musica
Name of part/section of a work Io sono l'umile ancella - Poveri fiori - Esser madre è un inferno
9 (RLIN) 32367
700 ## - ADDED ENTRY--PERSONAL NAME
Personal name Boito Arrigo (Gorrio Tobia=16859)
Miscellaneous information Codice autore musica SPICS: 8132
Relator term Autore musica
Name of part/section of a work L'altra notte in fondo al mare
9 (RLIN) 32368
700 ## - ADDED ENTRY--PERSONAL NAME
Personal name Verdi Giuseppe
Miscellaneous information Codice autore musica SPICS: 89
Relator term Autore musica
Name of part/section of a work Tu che la vanità - Ecco l'orrido campo - Morrò, ma prima in grazia - Oh ben s'addice questo torbido cielo
9 (RLIN) 32369
700 ## - ADDED ENTRY--PERSONAL NAME
Personal name Ponchielli Amilcare
Miscellaneous information Codice autore musica SPICS: 13061
Relator term Autore musica
Name of part/section of a work Suicidio!
9 (RLIN) 32370
700 ## - ADDED ENTRY--PERSONAL NAME
Personal name Mascagni Pietro
Miscellaneous information Codice autore musica SPICS: 11012
Relator term Autore musica
Name of part/section of a work Voi lo sapete o mamma
9 (RLIN) 32371
942 ## - ADDED ENTRY ELEMENTS (KOHA)
Koha item type DISCHI
Source of classification or shelving scheme Dewey Decimal Classification
Holdings
Withdrawn status Lost status Damaged status Not for loan Home library Current library Date acquired Total Checkouts Full call number Date last seen Price effective from Koha item type Public note
    Buone Condizioni Not For Loan SPICS-MEDIATECA SPICS-MEDIATECA 25/10/2013   F0815 25/10/2013 25/10/2013 DISCHI Progr. Ins.: 3352 / N.Vol.: 1 / Copie: 1 - Copia rara: n.d. / date import: 01.01.2014 - By Epidotti, Trombetti, Vaglietti
CREDITS: SOCIETA' SAN PAOLO Via A.Severo, 58 - ROMA (RM) & PERIODICI SAN PAOLO SRL Via Giotto, 36 MILANO & CISF Via Giotto, 36 MILANO & EDIZIONI SAN PAOLO SRL,  Piazza Soncino, 5 CINISELLO BALSAMO (MI) -- ITALY